Land of the Lustrous Characters by Card Art - Statistics

General Stats
  • This quiz has been taken 13 times
  • The average score is 9 of 14
Answer Stats
Picture Answer % Correct
Phosphophyllite
100%
Bort
73%
Cinnabar
73%
Diamond
73%
Alexandrite
64%
Jade
64%
Rutile
64%
Antarcticite
55%
Morganite
55%
Padparadscha
55%
Yellow Diamond
55%
Zircon
55%
Euclase
45%
Red Beryl
36%
No matching quizzes found
Score Distribution
Percent of People with Each Score
Percentile by Number Answered
Your Score History
You have not taken this quiz